Deutsche Nationalspieler Extreme I - Statistiken

Allgemein
  • Dieses Quiz wurde 853 mal gespielt
  • Das Durchschnittsergebnis liegt bei 76 aus 132
Antwortstatistiken
Erste Saison Club Antwort % Korrekt
2008/09 Schalke, Bayern Manuel Neuer
95%
2006/07 Bayern, ManU Bastian Schweinsteiger
94%
2006/07 Bayern, Köln, Arsenal, Inter, Galatasaray Lukas Podolski
91%
2009/10 Dortmund, Bayern Mats Hummels
91%
2008/09 Bremen, Real Madrid, Arsenal Mesut Özil
91%
2007/08 Bayern, Lazio Miroslav Klose
91%
2008/09 Hamburg, ManCity, Bayern Jerome Boateng
90%
2011/12 Gladbach, Barcelona Marc-André ter Stegen
90%
2012/13 Mainz Nicolai Müller
90%
2006/07 Bayern Philipp Lahm
90%
2009/10 Bayern Thomas Müller
90%
2009/10 Leverkusen, Bayern, Real Madrid Toni Kroos
90%
2010/11 Dortmund, Bayern Mario Götze
89%
2009/10 Stuttgart, Real Madrid, Juventus Sami Khedira
88%
2011/12 Schalke, Wolfsburg, Paris Julian Draxler
87%
2006/07 Stuttgart, Bayern, Florenz, Besiktas, Wolfsburg Mario Gomez
87%
2010/11 Nürnberg, Dortmund, ManCity Ilkay Gündogan
86%
2010/11 Gladbach, Dortmund Marco Reus
86%
2015/16 Schalke, ManCity Leroy Sané
85%
2006/07 Bremen, Arsenal Per Mertesacker
85%
2016/17 Leipzig Timo Werner
85%
2010/11 Mainz, Leverkusen, Chelsea, Wolfsburg, Dortmund André Schürrle
83%
2013/14 Stuttgart, Roma, Chelsea Antonio Rüdiger
83%
2014/15 Liverpool, Juventus Emre Can
80%
2015/16 Bayern Joshua Kimmich
80%
2013/14 Freiburg, Dortmund, Gladbach Matthias Ginter
80%
2006/07 Chelsea Michael Ballack
79%
2016/17 Bremen, Hoffenheim, Bayern Serge Gnabry
79%
2016/17 Paris Kevin Trapp
77%
2013/14 Schalke, Bayern Leon Goretzka
77%
2013/14 Sampdoria, Valencia, Arsenal Shkodran Mustafi
77%
2006/07 Arsenal Jens Lehmann
74%
2010/11 Schalke Benedikt Höwedes
73%
2016/17 Hoffenheim, Bayern Niklas Süle
73%
2013/14 Dortmund Roman Weidenfeller
73%
2018/19 Leverkusen Kai Havertz
72%
2009/10 Dortmund Kevin Großkreutz
71%
2015/16 Leverkusen, Dortmund Julian Brandt
69%
2018/19 Leipzig Lukas Klostermann
69%
2006/07 Hertha Arne Friedrich
68%
2011/12 Leverkusen Lars Bender
68%
2006/07 Mainz, Leverkusen Manuel Friedrich
68%
2010/11 Dortmund Sven Bender
68%
2006/07 Bremen Torsten Frings
66%
2013/14 Freiburg Christian Günter
65%
2013/14 Gladbach, Leverkusen Christoph Kramer
65%
2006/07 Dortmund, Betis Sevilla David Odonkor
65%
2014/15 Köln Jonas Hector
65%
2018/19 Paris Thilo Kehrer
65%
2006/07 Dortmund, Real Madrid Christoph Metzelder
64%
2006/07 Hannover Robert Enke
64%
2013/14 Hoffenheim, Bayern, Schalke Sebastian Rudy
64%
2008/09 Bremen Tim Wiese
64%
2011/12 Hannover Ron-Robert Zieler
63%
2010/11 Dortmund Marcel Schmelzer
62%
2017/18 Leipzig Marcel Halstenberg
60%
2008/09 Leverkusen René Adler
60%
2006/07 Leverkusen Stefan Kießling
60%
2015/16 Leverkusen Jonathan Tah
59%
2006/07 Gladbach, HSV Marcell Jansen
59%
2017/18 Freiburg Nils Petersen
59%
2015/16 Leverkusen Bernd Leno
58%
2006/07 Aachen Jan Schlaudraff
58%
2012/13 Freiburg, Gladbach, Wolfsburg Max Kruse
58%
2013/14 Dortmund Erik Durm
57%
2007/08 Gladbach, Bremen Marko Marin
57%
2013/14 Augsburg André Hahn
56%
2006/07 Gladbach Oliver Neuville
56%
2006/07 Bremen Tim Borowski
56%
2010/11 Hannover Christian Schulz
55%
2018/19 Hoffenheim, Dortmund Nico Schulz
55%
2008/09 Middlesbrough Robert Huth
55%
2016/17 Berlin Marvin Plattenhardt
54%
2009/10 Bayern Hans Jörg Butt
53%
2006/07 Leverkusen Bernd Schneider
52%
2013/14 Hoffenheim, Leverkusen Kevin Volland
52%
2016/17 Gladbach Lars Stindl
50%
2008/09 Stuttgart Cacau
49%
2006/07 Bremen Clemens Fritz
49%
2006/07 HSV Piotr Trochowski
49%
2016/17 Hoffenheim, Bayern Sandro Wagner
49%
2006/07 Stuttgart Timo Hildebrand
49%
2016/17 Ajax Amin Younes
48%
2013/14 Wolfsburg Maximilian Arnold
48%
2007/08 Schalke, HSV Heiko Westermann
47%
2014/15 Leverkusen Karim Bellarabi
47%
2013/14 Schalke Max Meyer
47%
2014/15 Gladbach Patrick Herrmann
47%
2008/09 Wolfsburg Marcel Schäfer
45%
2009/10 Bayern Holger Badstuber
44%
2006/07 Stuttgart Thomas Hitzlsperger
44%
2008/09 Wolfsburg, Stuttgart Christian Gentner
43%
2006/07 Schalke Kevin Kuranyi
43%
2008/09 Stuttgart Serdar Tasci
43%
2018/19 Schalke Suat Serdar
43%
2016/17 Hoffenheim Kerem Demirbay
42%
2010/11 Mainz, Schalke Lewis Holtby
42%
2018/19 Hoffenheim Nadiem Amiri
42%
2018/19 Berlin Niklas Stark
42%
2006/07 Schalke Gerald Asamoah
40%
2006/07 Köln, Leverkusen Patrick Helmes
40%
2006/07 Leverkusen Simon Rolfes
40%
2008/09 Hoffenheim Tobias Weis
40%
2009/10 HSV Dennis Aogo
39%
2006/07 Zagreb Jens Nowotny
39%
2018/19 Freiburg Luca Waldschmidt
39%
2008/09 Hoffenheim Andreas Beck
38%
2018/19 Schalke Mark Uth
38%
2018/19 Freiburg Robin Koch
37%
2009/10 Bremen Aaron Hunt
36%
2008/09 Hoffenheim Marvin Compper
36%
2006/07 Leverkusen Gonzalo Castro
35%
2015/16 Dortmund Julian Weigl
34%
2006/07 Wolfsburg Mike Hanke
34%
2008/09 Celtic Andreas Hinkel
33%
2007/08 Schalke Jermaine Jones
33%
2016/17 Leverkusen Benjamin Henrichs
32%
2016/17 Leipzig Diego Demme
30%
2012/13 Leverkusen Sidney Sam
30%
2013/14 Frankfurt Sebastian Jung
28%
2007/08 Schalke Christian Pander
27%
2008/09 Stuttgart, Wolfsburg Christian Träsch
27%
2012/13 Schalke Roman Neustädter
26%
2006/07 Berlin Malik Fathi
25%
2010/11 Wolfsburg Sascha Riether
25%
2006/07 Berlin Alexander Madlung
24%
2006/07 Stuttgart Roberto Hilbert
24%
2013/14 Freiburg Oliver Sorg
23%
2012/13 Leverkusen Stefan Reinartz
20%
2016/17 Wolfsburg Yannick Gerhardt
20%
2012/13 Leverkusen Philipp Wollscheid
17%
2006/07 Leverkusen Paul Freier
15%
Keine übereinstimmenden Quizze gefunden
Verteilung der Resultate
Anzahl Personen mit jedem Resultat
Perzentil nach korrekt beantworteten Fragen
Ihre Resultats-Entwicklung
Sie haben dieses Quiz noch nicht gespielt